| Tag |
First Indicator |
Second Indicator |
Subfields |
| LEADER |
00000cam a2200000 a 4500 |
| 001 |
in00000024980 |
| 005 |
20151007055657.0 |
| 008 |
880213s1987 vaua b 10010 eng d |
| 020 |
|
|
|a 0892081317
|
| 035 |
|
|
|a (OCoLC)17471053
|
| 035 |
|
|
|9 AAB8955AM
|
| 040 |
|
|
|a SMI
|c SMI
|d NRC
|d TXA
|d UtOrBLW
|
| 049 |
|
|
|a TXAM
|c [A11667480]
|
| 050 |
|
4 |
|a TR15
|b .I57 1986
|
| 111 |
2 |
|
|a International Congress: Pioneers of Photographic Science and Technology
|n (1st :
|d 1986 :
|c International Museum of Photography at George Eastman House)
|
| 245 |
1 |
0 |
|a Pioneers of photography :
|b their achievements in science and technology /
|c Eugene Ostroff, managing editor, conference general chairman and papers chairman.
|
| 264 |
|
1 |
|a Springfield, VA :
|b SPSE--The Society for Imaging Science and Technology :
|c [1987]
|
| 264 |
|
2 |
|a Springfield, VA :
|b Distributed by Northeastern University Press,
|
| 264 |
|
4 |
|c ©1987
|
| 300 |
|
|
|a 285 pages :
|b illustrations (some color) ;
|c 32 cm.
|
| 336 |
|
|
|a text
|b txt
|2 rdacontent
|
| 337 |
|
|
|a unmediated
|b n
|2 rdamedia
|
| 338 |
|
|
|a volume
|b nc
|2 rdacarrier
|
| 500 |
|
|
|a "Proceedings and papers prepared for the First International Congress: Pioneers of Photographic Science and Technology, held June 22-25, 1986, at the International Museum of Photography, George Eastman House, Rochester, N.Y."--Verso of title page.
|
| 504 |
|
|
|a Includes bibliographies.
|
| 650 |
|
0 |
|a Photography
|x History
|x Congresses.
|
| 650 |
|
0 |
|a Photographers
|x Congresses.
|
| 700 |
1 |
|
|a Ostroff, Eugene.
|
| 710 |
2 |
|
|a SPSE--the Society for Imaging Science and Technology.
|
| 710 |
2 |
|
|a International Museum of Photography at George Eastman House.
|
| 999 |
|
|
|a MARS
|
| 999 |
f |
f |
|s 5d659467-9ec8-3772-992e-47153588be72
|i 034c2f54-b84f-3e0b-8626-7f59001b0d77
|t 0
|
| 952 |
f |
f |
|p ric
|a Texas A&M University
|b Rellis Campus
|c Joint Library Facility
|d Remote Storage
|t 0
|e TR15 .I57 1986
|h Library of Congress classification
|i unmediated -- volume
|m A14811667480
|
| 998 |
f |
f |
|a TR15 .I57 1986
|t 0
|l Remote Storage
|